[Event "Politiken Cup 2013"]
[Site "Helsingor DEN"]
[Date "2013.07.29"]
[Round "4.38"]
[White "Hinrichs,Jan"]
[Black "Thuesen,M"]
[Result "1-0"]
[WhiteElo "2072"]
[BlackElo "2267"]

1.d4 Nf6 2.c4 g6 3.g3 Bg7 4.Bg2 O-O 5.Nf3 d6 6.O-O Nbd7 7.Nc3 e5 8.Qc2 exd4
9.Nxd4 Re8 10.b3 Nc5 11.Bb2 Bf5 12.Nxf5 gxf5 13.Qxf5 Re5 14.Qc2 Qe7 15.e4 c6
16.Na4 Rh5 17.Nxc5 Rxc5 18.e5 dxe5 19.b4  1-0

[Event "Biel MTO 2013"]
[Site "Biel SUI"]
[Date "2013.07.30"]
[Round "8.20"]
[White "Cherniaev,A1"]
[Black "Kamber,B"]
[Result "1-0"]
[WhiteElo "2447"]
[BlackElo "2283"]

1.c4 g6 2.Nf3 Bg7 3.d4 d6 4.g3 Nf6 5.Bg2 O-O 6.O-O c6 7.Nc3 Qa5 8.e4 Bg4
9.h3 Bxf3 10.Bxf3 Nbd7 11.Rb1 e5 12.d5 cxd5 13.cxd5 a6 14.b4 Qc7 15.Bd2 Rfc8
16.a4 h5 17.Rc1 Qd8 18.a5 Kh7 19.g4 hxg4 20.hxg4 Kg8 21.Kg2 Nh7 22.Rh1 Bf6
23.Ra1 Bg5 24.Be1 Nhf6 25.Qd3 Kg7 26.Be2 Qe7 27.f3 Rh8 28.Bf2 Rhc8 29.Na4 Ne8
30.b5 axb5 31.Qxb5 Rc2 32.Bd3 Rd2 33.Rhd1 Rxf2+ 34.Kxf2 Bf4 35.Rh1 Bd2 36.Kg2 Rxa5
37.Qxb7 Be3 38.Qb4 Ra7 39.Bb5 Bd4 40.Qd2 g5 41.Rac1 f6 42.Kg3 Kf7 43.Rh7+ Ng7
44.Qh2  1-0

[Event "Politiken Cup 2013"]
[Site "Helsingor DEN"]
[Date "2013.07.30"]
[Round "5.60"]
[White "Rolvag,M"]
[Black "Rosell,S"]
[Result "1/2-1/2"]
[WhiteElo "2162"]
[BlackElo "1973"]

1.d4 Nf6 2.Nf3 g6 3.c4 Bg7 4.g3 O-O 5.Bg2 d6 6.O-O Nbd7 7.Nc3 e5 8.b3 a6
9.Bb2 Rb8 10.Qc2 Qe7 11.e4 b5 12.cxb5 axb5 13.Rfe1 c6 14.Rad1 b4 15.Ne2 Bb7
16.dxe5 dxe5 17.Nd2 Ra8 18.Nc1 Nb6 19.Nf1 c5 20.Ne3 Rfc8 21.f3 Ba6 22.Bf1 Bxf1
23.Kxf1 Qe6 24.Qd2 Bf8 25.Re2 Be7 26.Kg2 c4 27.bxc4 Nxc4 28.Nxc4 Rxc4 29.Qd3 Rac8
30.Nb3 Ra8 31.Nc1 Rac8 32.Nb3 Rd8 33.Qb1 Rdc8 34.Qd3 Rd8 35.Qb1 Rdc8  1/2-1/2

[Event "5th Rethymno Open"]
[Site "Rethymno GRE"]
[Date "2013.07.30"]
[Round "4.15"]
[White "Harestad,H"]
[Black "Roesch,Mario"]
[Result "1-0"]
[WhiteElo "2318"]
[BlackElo "2076"]

1.d4 Nf6 2.c4 g6 3.Nf3 Bg7 4.g3 O-O 5.Bg2 d6 6.O-O c6 7.Nc3 Qa5 8.e4 Qh5
9.e5 dxe5 10.Nxe5 Qxd1 11.Rxd1 Nbd7 12.f4 Rd8 13.c5 Nf8 14.b4 Ne6 15.d5 cxd5
16.Nxd5 Nxd5 17.Bxd5 Kf8 18.Be3 f6 19.Nc4 Rb8 20.Na5 f5 21.Rac1 Nc7 22.Bf3 Rxd1+
23.Rxd1 Ke8 24.Rd3 Ne6 25.b5 Bf6 26.a4 Bg7 27.c6 b6 28.c7 Nxc7 29.Nc6 Bb7
30.Nxb8 Bxf3 31.Nc6 Nd5 32.Kf2 Be4 33.Rd2 Bc3 34.Rd1 e6 35.Bd4 Bxd4+ 36.Rxd4 Kd7
37.Nxa7 Kd6 38.Rc4 Ne7 39.Nc8+ Nxc8 40.Rxc8 e5 41.fxe5+ Kxe5 42.Rb8 Bc2 43.Rxb6 Bxa4
44.Ra6 Bc2 45.b6 Be4 46.Ra7 Kd6 47.Rxh7  1-0

[Event "VIII Vladimir Dvorkovich Open"]
[Site "Taganrog RUS"]
[Date "2013.07.30"]
[Round "9.8"]
[White "Kononenko,Dmitry2"]
[Black "Mikhailov,Se1"]
[Result "0-1"]
[WhiteElo "2285"]
[BlackElo "2347"]

1.d4 Nf6 2.Nf3 g6 3.g3 Bg7 4.Bg2 O-O 5.c4 d6 6.O-O Nc6 7.Nc3 a6 8.h3 Rb8
9.Be3 b5 10.cxb5 axb5 11.Rc1 Bd7 12.d5 Na5 13.Nd2 Qc8 14.g4 c5 15.dxc6 Bxc6
16.Nd5 Nxd5 17.Bxd5 Qb7 18.Bxc6 Nxc6 19.Qb3 Rfc8 20.Qd5 Qd7 21.f4 Bxb2 22.Rb1 Bg7
23.f5 e6 24.Qb3 d5 25.f6 Bf8 26.h4 e5 27.Rf2 Na5 28.Qd1 Nc4 29.Nxc4 Rxc4  0-1

[Event "Biel MTO 2013"]
[Site "Biel SUI"]
[Date "2013.07.31"]
[Round "9.14"]
[White "Sebenik,M"]
[Black "Lang,To"]
[Result "1-0"]
[WhiteElo "2511"]
[BlackElo "2338"]

1.d4 g6 2.c4 Bg7 3.Nf3 Nf6 4.g3 O-O 5.Bg2 d6 6.O-O a6 7.Nc3 Nc6 8.b3 Rb8
9.Bb2 b5 10.cxb5 axb5 11.Rc1 b4 12.Na4 Na7 13.d5 e6 14.dxe6 Bxe6 15.Nd4 Bd7
16.Nc6 Nxc6 17.Bxc6 Bxc6 18.Rxc6 Qd7 19.Qc2 Rfe8 20.Rd1 Re7 21.Bxf6 Bxf6
22.Qc4 Rbe8 23.e3 h5 24.Rc1 Re4 25.Qd5 R8e5 26.Rxc7 Qxc7 27.Qa8+ Qd8 28.Rc8 Qxc8
29.Qxc8+ Kg7 30.Nb6 Rc5 31.Qa8 Rc1+ 32.Kg2 Re6 33.Nd5 Bc3 34.Nc7 Re5 35.Ne8+ Rxe8
36.Qxe8 Rc2 37.Qc6 Rxa2 38.Qxd6 Rb2 39.Qd5 Rd2 40.Qc4 Ra2 41.h3 Be1 42.Qd4+ Kg8
43.Qd8+ Kg7 44.Qd1 Bc3 45.g4 Rd2 46.Qf3 hxg4 47.hxg4 Bf6 48.Qe4 Bh4 49.Kh3 Bxf2
50.Qxb4 Rc2 51.Qe4 Ra2 52.g5 Ra5 53.Qd4+ Kh7 54.Qd2 Rf5 55.e4 Rf3+ 56.Kg2 Rxb3
57.Qd5  1-0

[Event "Biel MTO 2013"]
[Site "Biel SUI"]
[Date "2013.08.01"]
[Round "10.4"]
[White "Adianto,U"]
[Black "Gharamian,T"]
[Result "1/2-1/2"]
[WhiteElo "2548"]
[BlackElo "2655"]

1.d4 Nf6 2.c4 g6 3.Nf3 Bg7 4.g3 O-O 5.Bg2 d6 6.O-O Nc6 7.Nc3 a6 8.h3 Rb8
9.e4 b5 10.cxb5 axb5 11.e5 Nd7 12.Ng5 dxe5 13.Bxc6 exd4 14.Ne2 Nc5 15.Bg2 h6
16.Nf3 e5 17.Bxh6 Bxh6 18.Nxe5 d3 19.Nc6 Qe8 20.Ned4 Rb6 21.Re1 Be6 22.Re5 Nd7
23.Rxe6 fxe6 24.Qxd3 Kh7 25.Re1 e5 26.Bd5 Rf6 27.f4 Rd6 28.Qf3 Bg7 29.f5 gxf5
30.Nxf5 Rxd5 31.Qxd5 Nf6 32.Qxe5 Qxc6 33.Qe7 Nh5 34.g4 Qf6 35.Qd7 Nf4 36.Nxg7 Nxh3+
37.Kg2 Qf2+ 38.Kxh3 Qf3+ 39.Kh2 Qf2+  1/2-1/2

[Event "Biel MTO 2013"]
[Site "Biel SUI"]
[Date "2013.08.02"]
[Round "11.9"]
[White "Sebenik,M"]
[Black "Ganguly,S"]
[Result "0-1"]
[WhiteElo "2511"]
[BlackElo "2628"]

1.d4 Nf6 2.c4 g6 3.Nf3 Bg7 4.g3 O-O 5.Bg2 d6 6.O-O Nbd7 7.Nc3 e5 8.e4 exd4
9.Nxd4 Nc5 10.h3 Re8 11.Re1 Bd7 12.Kh2 h6 13.Rb1 a5 14.Ndb5 a4 15.Qc2 h5
16.f4 h4 17.g4 Bxb5 18.cxb5 g5 19.e5 Nfd7 20.Ne4 gxf4 21.exd6 f3 22.Bxf3 Ne5
23.Bg2 Ned3 24.Bg5 Qd7 25.Re3 Nxe4 26.Rxe4 Qxd6+ 27.Kh1 a3 28.bxa3 Rxe4 29.Bxe4 Rxa3
30.Rb3 Qg3 31.Bxd3 Rxb3 32.Bh7+ Kh8 33.axb3 Qxh3+ 34.Qh2 Qxg4 35.Qxh4 Qxh4+
36.Bxh4 Kxh7 37.Bg3 c6 38.bxc6 bxc6 39.Kg2 Kg6 40.Kf3 Kf5 41.Ke3 Be5 42.Bh4 Kg4
43.Be7 f5 44.Kd3 f4 45.Ke4 f3 46.Bc5 Bd6 47.Bf2 Bg3 48.Be3 f2 49.Bxf2 Bxf2  0-1

[Event "9th Ribeira Valley Open 2013"]
[Site "Registro BRA"]
[Date "2013.08.02"]
[Round "7.4"]
[White "Mareco,S"]
[Black "Della Morte,G"]
[Result "1-0"]
[WhiteElo "2561"]
[BlackElo "2309"]

1.d4 Nf6 2.c4 g6 3.Nf3 Bg7 4.g3 O-O 5.Bg2 d6 6.O-O Nc6 7.Nc3 a6 8.Bf4 Rb8
9.Rc1 Bd7 10.Qd2 b5 11.Nd5 Re8 12.cxb5 axb5 13.Ng5 e5 14.dxe5 dxe5 15.Be3 Ng4
16.Nxf7 Kxf7 17.Bg5 Qc8 18.f3 Nf6 19.f4 e4 20.f5 gxf5 21.Bxf6 Bxf6 22.Nxf6 Kxf6
23.Qh6+ Ke7 24.Bxe4 Nd4 25.Qh4+ Kf7 26.Bd5+ Kg6 27.Qxd4 Rxe2 28.Bf3 Re6 29.Bh5+ Kh6
30.Rxf5 Re1+ 31.Rxe1 Bxf5 32.Qf6+  1-0

[Event "FSGM August 2013"]
[Site "Budapest HUN"]
[Date "2013.08.04"]
[Round "2.3"]
[White "Jia,H"]
[Black "Konnyu,J"]
[Result "1-0"]
[WhiteElo "2363"]
[BlackElo "2323"]

1.d4 Nf6 2.c4 g6 3.Nf3 Bg7 4.g3 O-O 5.Bg2 d6 6.O-O Nbd7 7.Nc3 e5 8.e4 c6
9.h3 Qb6 10.c5 dxc5 11.dxe5 Ne8 12.Na4 Qa6 13.Qc2 b6 14.Bf4 Nc7 15.Rfd1 Ne6
16.Rd6 b5 17.Nc3 Re8 18.a4 b4 19.Nd5 Qb7 20.Ne3 a5 21.Rad1 Nb6 22.b3 Qc7
23.Ng4 Kh8 24.Bh6 Bxh6 25.Nxh6 Ba6 26.Qc1 Be2 27.Ng5 Bxd1 28.Nhxf7+ Kg7 29.Rxe6 Bxb3
30.Qf4 Rxe6 31.Nxe6+ Bxe6 32.Qf6+ Kf8 33.Nh6+ Ke8 34.Qxe6+ Qe7 35.Qxc6+ Kf8
36.Qxb6 c4 37.Qc6 Rb8 38.Qd5 Kg7 39.Nf5+ gxf5 40.exf5 Qd8 41.f6+ Kh8 42.Qxc4 b3
43.Be4 b2 44.Bxh7 Qd1+ 45.Kg2 b1=Q 46.Bxb1 Qxb1 47.e6 Qb7+ 48.Kh2 Rc8 49.Qh4+ Qh7
50.Qd4 Qf5 51.e7 Kg8 52.Qg4+ Qxg4 53.hxg4 Kf7 54.g5 Kg6 55.f4 Rh8+ 56.Kg2 Kf7
57.Kf3 Rc8 58.Ke4 Ke6 59.f5+ Kf7 60.Ke5 Rc1 61.g6+ Ke8 62.Kf4 Re1 63.Kg5 Re2
64.Kh6  1-0

[Event "Sparkassen Open A 2013"]
[Site "Dortmund GER"]
[Date "2013.08.04"]
[Round "9.25"]
[White "Buckels,Valentin"]
[Black "Ciornei,D"]
[Result "1/2-1/2"]
[WhiteElo "1975"]
[BlackElo "2205"]

1.d4 Nf6 2.c4 g6 3.Nf3 Bg7 4.g3 O-O 5.Bg2 d6 6.O-O Nbd7 7.Qc2 c6 8.Nc3 Qc7
9.Rd1 a6 10.a4 b6 11.e4 e5 12.h3 Re8 13.Be3 Bb7 14.Rac1 Rad8 15.b3 Nf8 16.d5 c5
17.Ne1 N8d7 18.Nd3 Rf8 19.Rf1 Ne8 20.f4 exf4 21.Bxf4 Ne5 22.Nxe5 dxe5 23.Be3 a5
24.Rf2 Nd6 25.Nb5 Nxb5 26.axb5 Bc8 27.g4 f6 28.Bf1 g5 29.Be2 h6  1/2-1/2

[Event "Politiken Cup 2013"]
[Site "Helsingor DEN"]
[Date "2013.08.04"]
[Round "10.141"]
[White "Wadtland,Flemming"]
[Black "Thybo,Jan"]
[Result "1-0"]
[WhiteElo "1585"]
[BlackElo "1303"]

1.c4 Nf6 2.g3 g6 3.Bg2 Bg7 4.d4 d6 5.Nf3 O-O 6.Bg5 Nbd7 7.Nc3 e5 8.e3 h6
9.Bxf6 Nxf6 10.Qc2 Bg4 11.dxe5 dxe5 12.Nxe5 Bf5 13.Qb3 Re8 14.Rd1 Nd7 15.Bxb7 Rb8
16.Nc6 Bxc3+ 17.bxc3 Nc5 18.Rxd8 Nxb3 19.Rxe8+ Rxe8 20.axb3 Be4 21.Rg1 Bf3
22.Na5 Bxb7 23.Nxb7 Rb8 24.Nc5 a5 25.Ke2 Kg7 26.Ra1 Re8 27.Rxa5 Re5 28.b4 h5
29.Ra7 h4 30.Rxc7 hxg3 31.hxg3 Rg5 32.Ne6+  1-0

[Event "9th Tabor Open 2013"]
[Site "Tabor CZE"]
[Date "2013.08.04"]
[Round "9.12"]
[White "Hasek,V"]
[Black "Jedlicka,A"]
[Result "0-1"]
[WhiteElo "2049"]
[BlackElo "2226"]

1.Nf3 Nf6 2.d4 g6 3.c4 Bg7 4.g3 O-O 5.Bg2 d6 6.Nc3 Nc6 7.O-O a6 8.b3 Rb8
9.Bb2 Bd7 10.e4 b5 11.d5 Na5 12.cxb5 axb5 13.e5 dxe5 14.Nxe5 b4 15.Ne4 Bb5
16.Nxf6+ exf6 17.Nd3 c5 18.Re1 Qd6 19.Nf4 c4 20.bxc4 Nxc4 21.Bd4 Rfe8 22.h4 Rxe1+
23.Qxe1 Bh6 24.Nd3 Bd2 25.Qd1 Bc3 26.Bxc3 bxc3 27.Qc2 Qa3 28.Rb1 Nd2 29.Rb4 Kg7
30.Rd4 Bxd3 31.Qxd3 Qc5  0-1

[Event "Chinese Teams 2013"]
[Site "Wuxi CHN"]
[Date "2013.08.04"]
[Round "9.4"]
[White "Danielian,E"]
[Black "Wang Jue"]
[Result "0-1"]
[WhiteElo "2470"]
[BlackElo "2392"]

1.Nf3 Nf6 2.c4 g6 3.g3 Bg7 4.Bg2 d6 5.d4 O-O 6.O-O Nc6 7.Nc3 Rb8 8.h3 a6
9.e4 b5 10.cxb5 axb5 11.Re1 e6 12.d5 b4 13.dxc6 bxc3 14.bxc3 Ba6 15.e5 Nd5
16.Bg5 Qe8 17.Qa4 Bb5 18.Qh4 Bxc6 19.Bh6 Ne7 20.Bxg7 Kxg7 21.exd6 Nf5 22.Qf4 Nxd6
23.a4 Qc8 24.a5 Qa6 25.Re5 Rb2 26.h4 Bd5 27.h5 f6 28.Rxd5 exd5 29.Nd4 Ne4
30.Qxc7+ Kg8 31.hxg6 hxg6 32.Qd7 Qb7 33.Qxb7 Rxb7 34.c4 Rb4 35.Ne6 Rfb8 36.cxd5 Rb1+
37.Rxb1 Rxb1+ 38.Bf1 Kf7 39.Kg2 Rb2 40.a6 Rxf2+ 41.Kg1 Ra2 42.Nd8+ Ke7 43.Nc6+ Kd6
44.a7 Nc3 45.Bg2 Nb5 46.Ne7 Nxa7 47.Nxg6 Nc8 48.Nf4 Ne7 49.Nh5 Ke5 50.Nf4 Nf5
51.Nh5 Rd2 52.Bf3 Nd4 53.Bg2 Ne2+ 54.Kh2 f5 55.Kh1 Kd4 56.Kh2 Ke3 57.Ng7 f4
58.Nf5+ Kf2 59.gxf4 Nxf4 60.Be4 Ra2 61.d6 Ra3 62.Bg2 Nxg2 63.Nh6 Ra4 64.Nf5 Rf4
65.d7 Rxf5  0-1

[Event "FSGM August 2013"]
[Site "Budapest HUN"]
[Date "2013.08.06"]
[Round "4.4"]
[White "Berczes,D"]
[Black "Konnyu,J"]
[Result "0-1"]
[WhiteElo "2548"]
[BlackElo "2323"]

1.d4 Nf6 2.c4 g6 3.Nf3 Bg7 4.g3 O-O 5.Bg2 d6 6.Nc3 Nbd7 7.O-O e5 8.e4 c6
9.h3 Qb6 10.Re1 exd4 11.Nxd4 Ng4 12.Nce2 Nge5 13.b3 Nc5 14.Be3 Re8 15.Rf1 Qc7
16.Qc2 a5 17.Rad1 Qe7 18.Rfe1 a4 19.Nc3 axb3 20.axb3 Ra3 21.f4 Ned7 22.Rb1 Nf6
23.Bf2 Nh5 24.Kh2 Qc7 25.b4 Ne6 26.Ndb5 cxb5 27.Nxb5 Rc3 28.Nxc3 Qxc4 29.Rbc1 Qxb4
30.Nd5 Qa5 31.Bb6 Qb5 32.Bf1 Qd7 33.Bf2 Nd4 34.Qd3 Nc6 35.Nb6 Qe6 36.Red1 Bh6
37.Qf3 Qf6 38.Nd5 Qb2 39.Qc3 Qxf2+ 40.Bg2 Bg7 41.Qf3 Qb2 42.Rb1 Qa2 43.Qb3 Qxb3
44.Rxb3 Nd4 45.Rb6 Ne2 46.Rxd6 Nexg3 47.Rc1 Bf8 48.Nc7 Bxd6 49.Nxe8 Bxf4
50.Rxc8 Ne2+  0-1

[Event "22nd Kavala Open 2013"]
[Site "Kavala GRE"]
[Date "2013.08.06"]
[Round "1.7"]
[White "Rychagov,A"]
[Black "Rigopoulos Tsigkos,A"]
[Result "1-0"]
[WhiteElo "2544"]
[BlackElo "2114"]

1.d4 Nf6 2.c4 g6 3.g3 Bg7 4.Bg2 d6 5.Nf3 O-O 6.O-O Nc6 7.Nc3 e5 8.d5 Ne7
9.e4 h6 10.Bd2 Nd7 11.Qc1 Kh7 12.Ne1 c6 13.Nd3 Nb6 14.b3 a5 15.Be3 c5 16.Nb5 Ra6
17.Rb1 f5 18.f3 Nd7 19.a3 Nf6 20.b4 axb4 21.axb4 b6 22.Ra1 g5 23.Rxa6 Bxa6
24.bxc5 bxc5 25.Nxd6 Qxd6 26.Bxc5 Qd7 27.Qa3 Nfxd5 28.cxd5 Bxd3 29.Qxd3 Rc8
30.Bxe7 Qxe7 31.Bh3 g4 32.fxg4 Qc5+ 33.Kh1 fxg4 34.Bxg4 Rb8 35.d6  1-0

[Event "FSFMB August 2013"]
[Site "Budapest HUN"]
[Date "2013.08.07"]
[Round "5.1"]
[White "Bacsi,A"]
[Black "Altman,Joshua"]
[Result "1/2-1/2"]
[WhiteElo "1871"]
[BlackElo "1614"]

1.d4 Nf6 2.c4 g6 3.Nf3 Bg7 4.g3 O-O 5.Bg2 d6 6.O-O Nbd7 7.Nc3 e5 8.e4 c6
9.b3 Qb6 10.d5 c5 11.h3 h6 12.Be3 Ne8 13.Qd2 Kh7 14.Ne1 f5 15.Rc1 Qd8 16.Nd3 Nb6
17.f3 Nf6 18.Kh2 Nh5 19.Bf2 f4 20.Ne2 g5 21.g4 Nf6 22.Rh1 Nxe4 23.fxe4 f3
24.Rhf1 fxg2 25.Kxg2 Nd7 26.Ng3 Nf6 27.Qe2 Bd7 28.Bg1 a6 29.Nf2 Qe8 30.Nf5 Bxf5
31.exf5 h5 32.Ne4 Nxe4 33.Qxe4 Rf6 34.Be3 Bh6 35.Rb1 h4 36.Rf2 b5 37.Qc2 Qe7
38.cxb5 axb5 39.a4 b4 40.Kf3 Re8 41.Ke4 Rc8 42.Qc4 Qb7 43.Ra1 Ra8 44.Rd2 Ra5
45.Raa2  1/2-1/2

[Event "11th Davos Holiday Open 2013"]
[Site "Davos SUI"]
[Date "2013.08.08"]
[Round "3.6"]
[White "Fontaine,O"]
[Black "Cacciola,A"]
[Result "0-1"]
[WhiteElo "1908"]
[BlackElo "2100"]

1.d4 Nf6 2.c4 g6 3.g3 Bg7 4.Bg2 O-O 5.Nf3 d6 6.O-O Nc6 7.d5 Na5 8.Nbd2 c5
9.h3 a6 10.e4 Nd7 11.Rb1 Qc7 12.b3 Rb8 13.Bb2 Bxb2 14.Rxb2 b5 15.Rc2 bxc4
16.Nxc4 Nxc4 17.Rxc4 a5 18.Re1 Ba6 19.Rc3 a4 20.bxa4 Qa5 21.Rce3 f6 22.Nh4 Ne5
23.f4 Nc4 24.Rb3 Nb2 25.Qa1 c4 26.Rxb8 Rxb8 27.e5 c3 28.exf6 exf6 29.Re7 c2
30.Kh2 Qc3 31.Qc1 Nd3 32.Qe3 Qe1 33.Qxe1 Nxe1 34.Rxe1 Rb1  0-1

[Event "Arad Open 2013"]
[Site "Arad ROU"]
[Date "2013.08.09"]
[Round "9.9"]
[White "Deac,Bogdan-Daniel"]
[Black "Szalai,K"]
[Result "1/2-1/2"]
[WhiteElo "2224"]
[BlackElo "2419"]

1.d4 Nf6 2.c4 g6 3.Nf3 Bg7 4.g3 O-O 5.Bg2 d6 6.Nc3 c6 7.O-O Bf5 8.Ne1 Be6
9.d5 cxd5 10.cxd5 Bd7 11.Nd3 Na6 12.h3 Qa5 13.Bd2 Rfc8 14.a4 Qd8 15.Be3 Be8
16.Qb3 Nd7 17.a5 Nac5 18.Nxc5 Nxc5 19.Qc2 b5 20.axb6 Qxb6 21.Ne4 Qxb2 22.Qxb2 Bxb2
23.Ra5 Nb3 24.Rxa7 Rxa7 25.Bxa7 Bb5 26.Be3 Bxe2 27.Rb1 Rc2 28.Nc3 Bxc3 29.Rxb3 f5
30.Bg5 Kf7 31.Rb7 Bf6 32.Bf4 Ke8 33.Rb8+ Kd7 34.Rb7+ Kc8 35.Ra7 Kb8 36.Ra4 Rb2
37.Be3 Rb1+ 38.Kh2 Bb5 39.Ra3 Bc4 40.Ra4 Bb5 41.Ra3 Be2 42.h4 Rd1 43.Bg5 Bd4
44.Ra2 Bc4 45.Ra4 Be2 46.Ra2 Bc4 47.Ra4 Be2  1/2-1/2

[Event "HZ Open 2013"]
[Site "Vlissingen NED"]
[Date "2013.08.10"]
[Round "9.39"]
[White "Van Der Heide,Auke"]
[Black "Gutkind,Kedem"]
[Result "0-1"]
[WhiteElo "2163"]
[BlackElo "1969"]

1.d4 Nf6 2.c4 g6 3.Nf3 Bg7 4.g3 O-O 5.Bg2 d6 6.O-O Nbd7 7.Nc3 e5 8.e4 Ne8
9.Re1 c6 10.dxe5 dxe5 11.Be3 Qe7 12.Qd2 Nb6 13.b3 Nc7 14.c5 Nd7 15.b4 a5
16.a3 axb4 17.axb4 Rxa1 18.Rxa1 Na6 19.Ne2 Nf6 20.Ne1 Rd8 21.Qb2 Be6 22.Bd2 Bc4
23.Bc3 Ne8 24.Nc1 Qe6 25.Bf3 Nec7 26.Nc2 Nb5 27.Be2 Bxe2 28.Nxe2 Qc4 29.Re1 Nxc3
30.Qxc3 Qxc3 31.Nxc3 Bh6 32.Re2 Bd2 33.Na2 f6 34.f3 Kf7 35.Kf2 Ke6 36.Kg2 Rd3
37.Kf2 f5 38.Kg2 Nc7 39.Kf2 Nb5 40.Kg2 Nd4 41.exf5+ gxf5 42.Nxd4+ Rxd4 43.f4 e4
44.Kh3 Rd3 45.Kh4 e3 46.g4 Ra3 47.g5 Rxa2 48.Kh5 Kf7  0-1

[Event "XI Miguel Najdorf Open A 2013"]
[Site "Warsaw POL"]
[Date "2013.08.10"]
[Round "6.17"]
[White "Kaczorowski,P"]
[Black "Zaninotto,F"]
[Result "1-0"]
[WhiteElo "2047"]
[BlackElo "2162"]

1.Nf3 g6 2.c4 Bg7 3.d4 Nf6 4.g3 O-O 5.Bg2 d6 6.O-O c6 7.Nc3 Bf5 8.Qb3 Qb6
9.Re1 Na6 10.e4 Bg4 11.Be3 Qxb3 12.axb3 Nd7 13.h3 Bxf3 14.Bxf3 c5 15.Red1 cxd4
16.Bxd4 Bxd4 17.Rxd4 Ndc5 18.Bd1 Nb4 19.f4 a6 20.Kg2 Rad8 21.Rd2 f5 22.exf5 gxf5
23.Nd5 Ne4 24.Re2 Nc6 25.Re1 e6 26.Ne3 d5 27.cxd5 exd5 28.Bf3 Ne7 29.Rad1 Kf7
30.Rd4 Rd6 31.Nc4 dxc4 32.Bh5+ Kf6 33.Rexe4 Rxd4 34.Rxd4 cxb3 35.Rd6+ Kg7
36.Rd7 Kf6 37.Rxb7 Rd8 38.Rb6+ Kg7 39.Rxb3 Rd2+ 40.Kf3 Nd5 41.Be8 Kf6 42.Bc6 h5
43.h4 a5 44.Bxd5 Rxd5 45.Ke3 Kg6 46.Rb6+ Kf7 47.Rh6 Rb5 48.Rxh5 Kg6 49.Rg5+ Kf6
50.h5 Rxb2 51.Rg6+ Kf7 52.Ra6 Rg2 53.Kd4 Rxg3 54.Ke5 Rh3 55.Ra7+ Ke8 56.Ke6 Kd8
57.Ra8+ Kc7 58.Rxa5 Rxh5 59.Rxf5 Rh1 60.Rd5 Re1+ 61.Kf6 Re2 62.f5 Rg2 63.Rd1 Rg3
64.Kf7 Rg2 65.f6 Rg3 66.Kf8 Rg2 67.f7 Rg4 68.Ke7  1-0

[Event "10th Malaysian Open"]
[Site "Kuala Lumpur MAS"]
[Date "2013.08.11"]
[Round "3.34"]
[White "Lim,Z"]
[Black "Fong Mi Yen"]
[Result "1-0"]
[WhiteElo "2192"]
[BlackElo "1885"]

1.d4 Nf6 2.g3 g6 3.Bg2 Bg7 4.c4 d6 5.Nf3 O-O 6.O-O c5 7.Nc3 Nc6 8.h3 Na5
9.b3 Rb8 10.Be3 b6 11.Rc1 Bd7 12.Qd2 Nc6 13.Rfd1 Qc8 14.Kh2 Rd8 15.d5 Na5
16.Bg5 a6 17.Ne1 b5 18.Bxf6 Bxf6 19.Ne4 Qc7 20.Nxf6+ exf6 21.cxb5 axb5 22.Qf4 Re8
23.e4 Kg7 24.Nd3 Qb6 25.b4 Nc4 26.a4 g5 27.Qf3 Ne5 28.Nxe5 fxe5 29.bxc5 dxc5
30.axb5 Bxb5 31.Qe3 h6 32.Qxc5 Qxc5 33.Rxc5 Red8 34.Rd2 Kf6 35.Bf3 Ke7 36.Rc7+ Rd7
37.Rdc2 Kd6 38.Rc8 Rxc8 39.Rxc8 Ke7 40.Bg4 Ra7 41.Rh8 Ra6 42.Kg2 Rf6 43.Bf5 Be2
44.g4 Rb6 45.Rh7 Kf8 46.Rh8+ Ke7 47.Rc8 Kd6 48.Ra8 h5 49.gxh5 Bxh5 50.Rh8 Be2
51.Rg8 f6 52.Rg6 Kc5 53.Be6 Kd4 54.Rxf6 g4 55.hxg4 Bxg4 56.f3 Bh5 57.Rf5 Be8
58.Rf8 Bh5 59.Kg3 Bg6 60.Bf5 Bxf5 61.Rxf5 Rg6+ 62.Kh4 Rg7 63.Rg5 Rf7 64.Kg4 Rf4+
65.Kg3 Rf7 66.Kf2 Rf6 67.Rh5 Rb6 68.Rh8 Rg6 69.Rc8 Rg7 70.Rc1 Ra7 71.Rd1+ Kc5
72.Ke3 Kd6 73.Rd3 Ra1 74.Rc3 Rd1 75.Rc6+ Kd7 76.Re6  1-0

[Event "10th Malaysian Open"]
[Site "Kuala Lumpur MAS"]
[Date "2013.08.12"]
[Round "4.6"]
[White "Laylo,D"]
[Black "Nitin,S"]
[Result "1/2-1/2"]
[WhiteElo "2499"]
[BlackElo "2355"]

1.d4 Nf6 2.c4 g6 3.Nf3 Bg7 4.g3 O-O 5.Bg2 d6 6.O-O Nbd7 7.Nc3 e5 8.e4 exd4
9.Nxd4 Re8 10.h3 Nc5 11.Re1 Bd7 12.Bf4 h6 13.g4 a5 14.Qd2 h5 15.f3 hxg4 16.hxg4 Nh7
17.Rad1 Be5 18.Bxe5 dxe5 19.Nb3 Nxb3 20.axb3 Be6  1/2-1/2

[Event "21st Poznan Open"]
[Site "Poznan POL"]
[Date "2013.08.12"]
[Round "7.4"]
[White "Bajerlein,D"]
[Black "Chojnacki,K"]
[Result "0-1"]
[WhiteElo "2100"]
[BlackElo "2407"]

1.d4 Nf6 2.c4 g6 3.g3 Bg7 4.Bg2 O-O 5.Nf3 d6 6.Nc3 Nc6 7.O-O a6 8.h3 Bd7
9.Re1 Re8 10.e4 e5 11.Be3 exd4 12.Nxd4 Nxd4 13.Bxd4 c5 14.Be3 Bc6 15.Bf4 Re6
16.e5 Nh5 17.Bxc6 bxc6 18.exd6 Nxf4 19.gxf4 Rxd6 20.Qf3 Rb8 21.b3 Rd2 22.Rac1 Qh4
23.Qg3 Qxg3+ 24.fxg3 Rbd8 25.Ne4 Rxa2 26.Rcd1 Bd4+ 27.Kh1 Rb8 28.Rd3 Rb2
29.Nd6 R2xb3 30.Rxb3 Rxb3 31.Re8+ Kg7 32.Kg2 Rb2+ 33.Kf1 Rf2+ 34.Ke1 Rf3
35.Ra8 Rxg3 36.Rxa6 Rxh3 37.Ra7 Re3+ 38.Kd2 Kf6 39.Nxf7 Re7 40.Rxe7 Kxe7
41.Nh6 Bg7 42.Ng4 h5 43.Nh2 Ke6 44.Ke3 Kf5 45.Kf3 Bh6  0-1

[Event "ch-FRA w 2013"]
[Site "Nancy FRA"]
[Date "2013.08.13"]
[Round "3.5"]
[White "Navrotescu,A"]
[Black "Delorme,L"]
[Result "0-1"]
[WhiteElo "2110"]
[BlackElo "2183"]

1.d4 Nf6 2.c4 g6 3.Nf3 Bg7 4.g3 d6 5.Bg2 O-O 6.O-O Na6 7.Nc3 c5 8.e4 cxd4
9.Nxd4 Nd7 10.b3 Ne5 11.h3 Nc6 12.Be3 Nab4 13.Nce2 Bd7 14.Qd2 Rb8 15.Rad1 a6
16.Nxc6 Nxc6 17.c5 dxc5 18.Bxc5 Be6 19.Qxd8 Rbxd8 20.Nf4 Bc8 21.Nd5 Rd7 22.f4 f6
23.Rf2 Re8 24.Rfd2 Kf7 25.Bf1 Bf8 26.Nb6 Rxd2 27.Rxd2 Be6 28.Kf2 Bg7 29.b4 f5
30.e5 g5 31.a4 gxf4 32.gxf4 Bh6 33.Be3 Nxb4 34.Rb2 Nd5 35.Nxd5 Bxd5 36.Be2 Rc8
37.Bh5+ Ke6 38.a5 Kd7 39.Be2 e6 40.Rd2 Ke7 41.Rb2 Rc3 42.h4 Kd7 43.Bd1 Ra3
44.Bd2 Bf8 45.Rc2 Be7 46.h5 Bh4+ 47.Kf1 Bd8 48.Rc5 Ra1 49.Ke2 Ra2 50.Rc2 Ra1
51.Rc5 Be7 52.Rc1 Rxc1 53.Bxc1 Bb4 54.Bd2 Bxd2 55.Kxd2 h6 56.Ba4+ Kc7 57.Ke3 b6
58.axb6+ Kxb6 59.Kd4 a5 60.Bd7 Kc7 61.Be8 Bc6 62.Bf7 Bd7 63.Kc5 a4 64.Kb4 Kb6
65.Bg8 a3 66.Kxa3 Kc5  0-1

[Event "Stare Mesto Open 2013"]
[Site "Stare Mesto CZE"]
[Date "2013.08.14"]
[Round "7.5"]
[White "Zpevak,P"]
[Black "Rabatin,J"]
[Result "1-0"]
[WhiteElo "2386"]
[BlackElo "2237"]

1.d4 Nf6 2.Nf3 g6 3.c4 Bg7 4.g3 O-O 5.Bg2 d6 6.O-O Nc6 7.Nc3 a6 8.b3 Rb8
9.Nd5 Nd7 10.Bg5 h6 11.Be3 e6 12.Nc3 Ne7 13.Rc1 e5 14.dxe5 dxe5 15.Rc2 Nf5
16.Bc1 c6 17.Ba3 Re8 18.Ne4 Qa5 19.Qc1 c5 20.e3 Qc7 21.Nfd2 Ne7 22.Nc3 f5
23.Nd5 Qd6 24.b4 e4 25.bxc5 Nxc5 26.Nb3 b6 27.Nxb6 Qxb6 28.Bxc5 Qb7 29.Bd6 Ra8
30.Qd2 Nc6 31.Na5 Nxa5 32.Qxa5 Be6 33.c5 Rec8 34.Rfc1 Rc6 35.Bf1 Rac8 36.Bc4 Bxc4
37.Rxc4 Qf7 38.Qa4 Kh7 39.Qb3 Qd5 40.Rd1 Qf7 41.Rb4 Qxb3 42.Rxb3 Rd8 43.Rdb1 Bf8
44.Bxf8 Rxf8 45.Rb7+ Kg8 46.R1b6 Rfc8 47.Rxc6 Rxc6 48.Rb6 Rxc5 49.Rxg6+ Kh7
50.Rxa6 Kg7 51.Kg2 Rc2 52.a4 Ra2 53.Ra8 Ra3 54.a5 Ra1 55.a6 Kf7 56.a7 Kg7
57.Kh3 Ra3 58.Kh4  1-0

[Event "12th Lichtenberger Sommer"]
[Site "Berlin GER"]
[Date "2013.08.17"]
[Round "1.20"]
[White "Schmalzried,V"]
[Black "Kohler,T"]
[Result "1/2-1/2"]
[WhiteElo "1882"]
[BlackElo "2263"]

1.c4 d6 2.d4 g6 3.Nf3 Bg7 4.g3 Nf6 5.Bg2 O-O 6.O-O Nc6 7.Nc3 Bf5 8.Re1 Ne4
9.Nxe4 Bxe4 10.Be3 d5 11.c5 Nb4 12.Nh4 Bxg2 13.Kxg2 Nc6 14.Nf3 Qd7 15.Rb1 a5
16.a3 a4 17.Qd2 Na5 18.Bh6 Nc4 19.Qc1 Rfe8 20.Bxg7 Kxg7 21.b3 axb3 22.Rxb3 Qc6
23.Kg1 Ra4 24.Nd2 e5 25.e3 Kg8 26.Nxc4 Rxc4 27.Rc3 exd4 28.Rxc4 dxc4 29.exd4 Rxe1+
30.Qxe1 Qd5 31.Qe3 b6 32.Kf1 bxc5 33.dxc5 Qd1+ 34.Qe1 Qd4 35.Qe3 Qd1+ 36.Qe1 Qd3+
37.Qe2 Qd5 38.Qe3 Qd1+ 39.Qe1 Qd3+  1/2-1/2

[Event "Brasschaat Open 2013"]
[Site "Brasschaat BEL"]
[Date "2013.08.17"]
[Round "1.24"]
[White "Beniest,Rene"]
[Black "Moerman,Thomas"]
[Result "1-0"]
[WhiteElo "2138"]
[BlackElo "1621"]

1.d4 Nf6 2.c4 d6 3.Nf3 g6 4.g3 Bg7 5.Bg2 O-O 6.O-O c5 7.Nc3 Nc6 8.d5 Nb4
9.a3 Na6 10.e4 Bd7 11.Re1 Nc7 12.a4 Rb8 13.h3 e5 14.dxe6 Bxe6 15.Qe2 Re8
16.Bf4 Nh5 17.Bg5 Qd7 18.Kh2 h6 19.Be3 a6 20.a5 b6 21.Red1 bxa5 22.g4 Nf6
23.e5 Nh7 24.Rxd6 Qc8 25.Rxa5 Bf8 26.Rd1 Rb4 27.Nd5 Nxd5 28.cxd5 Bd7 29.Qxa6 Qxa6
30.Rxa6 Rxb2 31.Bf1 Ng5 32.Nxg5 hxg5 33.e6 fxe6 34.dxe6 Bxe6 35.Rxe6 Rxe6
36.Bc4 Kf7 37.Kg2 Kf6 38.Bxe6 Kxe6 39.Kf3 Be7 40.Ke4 Rb4+ 41.Kd3 Ke5 42.Bd2 Rb3+
43.Bc3+ Kf4 44.Kc4 Rb7 45.Rd3 Bf8 46.Re3 Re7 47.Rd3 Re4+ 48.Kd5 Re2 49.Bd2+ Rxd2
50.Rxd2 Kf3 51.Ke6 c4 52.Rc2 Bc5 53.Kf6 Bxf2 54.Kxg5 Be3+ 55.Kxg6 Kg3 56.Rc3  1-0